000 01054nam0a22002651 4500
001 rc\409308
005 20260406112157.0
035 _a(NLR Aleph) 005657420
090 _a6836641
_c6836641
100 _a20030616d1987 |||y0rusy50 ca
101 0 _arus
102 _aRU
105 _aa |||||||||
200 1 _aТруды конференции молодых ученых Академии наук Азербайджанской ССР
_fКом. комсомола Ан АзССР, Совет молодых ученых и специалистов АН АзССР
210 _aБаку
_cЭлм
_d1987
215 _a259 с.
_cил.
_d20
225 1 _aРешения XXVII съезда КПСС - в жизнь!
300 _aЧасть текста: азерб.
320 _aБиблиогр. в конце докл.
710 0 2 _aАН АзССР
_cБаку
_bКонф. молодых ученых
_c1987
_3RU\NLR\AUTH\887839
_9287874
801 0 _aRU
_bNLR
_gpsbo
801 1 _aRU
_bELAR
_2rusmarc
852 _aNLR
_j87-3/9083
942 _cBOOK
980 _aNB